Contemporary calculus through applications / (Record no. 16258)

000 -LEADER
fixed length control field 00617pam a2200181 a 4500
020 ## - INTERNATIONAL STANDARD BOOK NUMBER
ISBN 093976587X
040 ## - CATALOGING SOURCE
Transcribing agency DLC
082 00 - DEWEY DECIMAL CLASSIFICATION NUMBER
Classification number 515 JAN 1996 A023 Or.
245 00 - TITLE STATEMENT
Title Contemporary calculus through applications /
260 ## - PUBLICATION, DISTRIBUTION, ETC. (IMPRINT)
Place of publication Dedham, Mass. :
Name of publisher Janson Publications,
Year of publication c1996.
300 ## - PHYSICAL DESCRIPTION
Number of Pages xiv, 512 p. :
Other physical details ill. ;
Dimensions 25 cm.
500 ## - GENERAL NOTE
General note "The Department of Mathematics and Computer Science, the North Carolina School of Science and Mathematics."
650 #0 - SUBJECT ADDED ENTRY--TOPICAL TERM
Topical Term Calculus.
700 1# - ADDED ENTRY--PERSONAL NAME
Personal name Bartkovich, Kevin G.
700 1# - ADDED ENTRY--PERSONAL NAME
Personal name Barrett, Gloria B.,
710 2# - ADDED ENTRY--CORPORATE NAME
Corporate name or jurisdiction name as entry element North Carolina School of Science and Mathematics.
942 ## - ADDED ENTRY ELEMENTS (KOHA)
Koha item type សៀវភៅភាសាអង់គ្លេស
952 ## - LOCATION AND ITEM INFORMATION (KOHA)
Withdrawn status [LOCAL, KOHA] 0
Holdings
Permanent Location Date acquired Koha item type Lost status Shelving location Barcode Current Location Full call number
Library Block A2018-01-26សៀវភៅភាសាអង់គ្លេស A023A23183Library Block A515 JAN 1996 A023 Or.
មជ្ឈមណ្ឌលឯការនៃសាកលវិទ្យាល័យភូមិន្ទកសិកម្មចំការដូង

Powered by Koha